| 000 | 00518cam a2200205ua 4500 | ||
|---|---|---|---|
| 001 | 3226 | ||
| 005 | 20260515113642.0 | ||
| 008 | 111013n ii |||gr||||Z||||||asm | ||
| 040 | _cMAIN | ||
| 082 | _a920 | ||
| 100 | _aNasrins, Taslima, | ||
| 245 | 1 | 1 |
_aMor chhoalikaal _cby Taslima Nasrins |
| 250 | _a1st. | ||
| 260 |
_aGuahati: _bBina Library, _c2005. |
||
| 300 |
_a270p: _c23cm. |
||
| 653 | _aAutobiography | ||
| 653 | _aAutobiography of Mor chhoalikaal | ||
| 700 |
_aChoudhury, Amit, _eTranslator. |
||
| 942 | _cBK | ||
| 999 |
_c3070 _d3070 |
||